| 000 | 00986cam a2200289 a 4500 | ||
|---|---|---|---|
| 001 | 14897088 | ||
| 005 | 20201128013551.0 | ||
| 008 | 070620s2008 caua b 001 0 eng | ||
| 010 | _a 2007931349 | ||
| 020 | _a9780495096375 (student ed.) | ||
| 020 | _a0495096377 (student ed.) | ||
| 040 |
_aDLC _cDLC _dDLC |
||
| 050 | 0 | 0 |
_aHB871 _b.W43 2008 |
| 082 | 0 | 0 |
_a304.6 _222 _bWEE |
| 100 | 1 |
_aWeeks, John Robert, _d1944- _92702 |
|
| 245 | 1 | 0 |
_aPopulation : _ban introduction to concepts and issues / _cJohn R. Weeks. |
| 250 |
_a10th ed. _bInternational ed. |
||
| 260 |
_aBelmont, CA : _bThomson/Wadsworth, _cc2008. |
||
| 300 |
_axix, 610 p. : _bill. ; _c25 cm. |
||
| 504 | _aIncludes bibliographical references (p. 559-593) and index. | ||
| 650 | 0 |
_aPopulation. _92703 _2BUEsh |
|
| 651 | _2BUEsh | ||
| 653 | _bBUSECO | ||
| 655 |
_vText book _933728 |
||
| 942 |
_2ddc _cBB |
||
| 999 |
_c11103 _d11103 |
||